000 00773nam a2200277Ia 4500
003 OSt
005 20221006144409.0
006 a|||||r|||| 00| 0
007 ta
008 221006b |||||||| |||| 00| 0 eng d
020 _a8120608518
_c495.00
020 _a9788120608511
024 _a11,599
037 _cTextual
040 _aEASL
_cEASL
_beng
041 _2eng
_aeng
082 _aU8.4497.M, N3
100 _aMACINTYRE Donald
_9642649
245 0 _aHindu-koh
_b wanderings and wild sport on and beyond the Himalayas
260 _aNew Delhi
_bAsian Educational Services India
_c1993
300 _a464p.
_ccm.
490 _v Gen
650 _aGen
942 _hU8.4497.M, N3
_cTEXL
_2CC
999 _c1079685
_d1079685